000 00484cam a2200181ua 4500
001 2366
008 110806n ii |||gr||||Z||||||asm
040 _cMAIN
082 _a370.15
100 1 _aBaruah, Jatin,
_eAuthor.
245 1 _aShikshar monobigyan- bhitik adhyayan
_cby Jatin Baruah
250 _a2nd.
260 _aGuahati:
_bArun prakashan,
_c2007.
300 _axiii; 658p:
_bill;
_c23cm.
653 _aEducation
653 _aShikshar monobigyan- bhitik adhyayan
942 _cBK
999 _c2224
_d2224